लोड हो रहा है...

Thirumalai murukan pallu /

ग्रंथसूची विवरण
मुख्य लेखक: Periyavan Kavirayar
भाषा:Undetermined
प्रकाशित: 1944
LEADER 00366nam a2200121Ia 4500
001 59315
008 170722s9999 xx 000 0 und d
100 |a Periyavan Kavirayar 
245 |a Thirumalai murukan pallu / 
260 |c 1944 
942 |c GEN 
999 |c 17873  |d 17873 
952 |0 1  |1 0  |4 0  |6 0311LOOT_H4  |7 0  |9 21219  |a LIB  |b LIB  |d 2017-08-12  |o 031,1Loo,T H4  |p 40477  |r 2017-08-12  |w 2017-08-12  |y GEN